Movies Quiz

Random Movies or Hockey Quiz

Mighty Ducks Roster Quiz Stats

 Plays Quiz Updated Mar 10, 2020

Support Sporcle.
Go Orange.
Score 0/21 Timer 05:00
3 Plays Today
Position Player % Correct
G/DGreg Goldberg
89.6%
FCharlie Conway
88.4%
CoachGordon Bombay
82%
FAdam Banks
81.6%
GJulie 'The Cat' Gaffney
70.1%
DFulton Reed
70%
FJesse Hall
62%
FLester Averman
60.1%
FGuy Germaine
57.2%
FConnie Moreau
56.4%
FKen Wu
55.1%
Position Player % Correct
FTerry Hall
54.9%
DDean Portman
53.9%
FLuis Mendoza
51.7%
DRuss Tyler
48.1%
FDwayne Robertson
45.5%
DTommy Duncan
39.6%
FTammy Duncan
38.6%
DDave Karp
38.2%
DPeter Mark
33.1%
CoachTed Orion
25.2%

From the Vault

Anagram Word Building IV

by biggs364

It always feels good to build something.
Remove Ads.
Support Sporcle.
Get the best of Sporcle when you Go Orange. This ad-free experience offers more features, more stats, and more fun while also helping to support Sporcle. Thank you for becoming a member.

Show Comments

Extras

Top Quizzes Today


Score Distribution

Your Account Isn't Verified!

In order to create a playlist on Sporcle, you need to verify the email address you used during registration. Go to your Sporcle Settings to finish the process.

Report this User

Report this user for behavior that violates our Community Guidelines.

Details: